<?xml version="1.0" encoding="UTF-8"?>
<record
    xmlns:xsi="http://www.w3.org/2001/XMLSchema-instance"
    xsi:schemaLocation="http://www.loc.gov/MARC21/slim http://www.loc.gov/standards/marcxml/schema/MARC21slim.xsd"
    xmlns="http://www.loc.gov/MARC21/slim">

  <leader>     nam a22     7a 4500</leader>
  <datafield tag="999" ind1=" " ind2=" ">
    <subfield code="c">50163</subfield>
    <subfield code="d">50163</subfield>
  </datafield>
  <controlfield tag="003">OSt</controlfield>
  <controlfield tag="005">20200723140253.0</controlfield>
  <controlfield tag="008">200723b        xxu||||| |||| 00| 0 eng d</controlfield>
  <datafield tag="040" ind1=" " ind2=" ">
    <subfield code="c">IIMT UNIVERSITY, MEERUT</subfield>
    <subfield code="d">SEROSOFT</subfield>
  </datafield>
  <datafield tag="100" ind1=" " ind2=" ">
    <subfield code="a">CHAURASIA, B D</subfield>
  </datafield>
  <datafield tag="245" ind1=" " ind2=" ">
    <subfield code="a">HUMAN ANATOMY VOL IV</subfield>
    <subfield code="c">AUTHOR</subfield>
    <subfield code="h">ENGLISH</subfield>
  </datafield>
  <datafield tag="250" ind1=" " ind2=" ">
    <subfield code="a">8TH</subfield>
  </datafield>
  <datafield tag="260" ind1=" " ind2=" ">
    <subfield code="a">DELHI</subfield>
    <subfield code="b">CBS PD</subfield>
    <subfield code="c">2019</subfield>
  </datafield>
  <datafield tag="300" ind1=" " ind2=" ">
    <subfield code="a">226 P P</subfield>
    <subfield code="b">PAPERBACK</subfield>
  </datafield>
  <datafield tag="760" ind1=" " ind2=" ">
    <subfield code="b">8TH EDITION</subfield>
  </datafield>
  <datafield tag="856" ind1=" " ind2=" ">
    <subfield code="u">ANATOMY</subfield>
    <subfield code="z">ANATOMY</subfield>
  </datafield>
  <datafield tag="887" ind1=" " ind2=" ">
    <subfield code="2">ANATOMY</subfield>
  </datafield>
  <datafield tag="942" ind1=" " ind2=" ">
    <subfield code="2">ddc</subfield>
    <subfield code="c">01</subfield>
    <subfield code="e">8TH</subfield>
    <subfield code="h">TITLE</subfield>
    <subfield code="i">BOOK</subfield>
    <subfield code="k">611.114 CHA</subfield>
    <subfield code="m">611.114 CHA</subfield>
  </datafield>
  <datafield tag="952" ind1=" " ind2=" ">
    <subfield code="0">0</subfield>
    <subfield code="1">0</subfield>
    <subfield code="2">ddc</subfield>
    <subfield code="4">0</subfield>
    <subfield code="7">0</subfield>
    <subfield code="a">30</subfield>
    <subfield code="b">30</subfield>
    <subfield code="d">2020-07-23</subfield>
    <subfield code="l">0</subfield>
    <subfield code="p">30-B-2545</subfield>
    <subfield code="r">2020-07-23</subfield>
    <subfield code="w">2020-07-23</subfield>
    <subfield code="y">01</subfield>
  </datafield>
  <datafield tag="952" ind1=" " ind2=" ">
    <subfield code="0">0</subfield>
    <subfield code="1">0</subfield>
    <subfield code="2">ddc</subfield>
    <subfield code="4">0</subfield>
    <subfield code="7">0</subfield>
    <subfield code="a">30</subfield>
    <subfield code="b">30</subfield>
    <subfield code="d">2020-07-23</subfield>
    <subfield code="l">1</subfield>
    <subfield code="m">1</subfield>
    <subfield code="p">30-B-2546</subfield>
    <subfield code="r">2022-04-27</subfield>
    <subfield code="s">2022-04-19</subfield>
    <subfield code="w">2020-07-23</subfield>
    <subfield code="y">01</subfield>
  </datafield>
  <datafield tag="952" ind1=" " ind2=" ">
    <subfield code="0">0</subfield>
    <subfield code="1">0</subfield>
    <subfield code="2">ddc</subfield>
    <subfield code="4">0</subfield>
    <subfield code="7">0</subfield>
    <subfield code="a">30</subfield>
    <subfield code="b">30</subfield>
    <subfield code="d">2020-07-23</subfield>
    <subfield code="l">0</subfield>
    <subfield code="p">30-B-2547</subfield>
    <subfield code="r">2020-07-23</subfield>
    <subfield code="w">2020-07-23</subfield>
    <subfield code="y">01</subfield>
  </datafield>
  <datafield tag="952" ind1=" " ind2=" ">
    <subfield code="0">0</subfield>
    <subfield code="1">0</subfield>
    <subfield code="2">ddc</subfield>
    <subfield code="4">0</subfield>
    <subfield code="7">0</subfield>
    <subfield code="a">30</subfield>
    <subfield code="b">30</subfield>
    <subfield code="d">2020-07-23</subfield>
    <subfield code="l">1</subfield>
    <subfield code="p">30-B-2548</subfield>
    <subfield code="r">2022-04-21</subfield>
    <subfield code="s">2022-04-19</subfield>
    <subfield code="w">2020-07-23</subfield>
    <subfield code="y">01</subfield>
  </datafield>
  <datafield tag="952" ind1=" " ind2=" ">
    <subfield code="0">0</subfield>
    <subfield code="1">0</subfield>
    <subfield code="2">ddc</subfield>
    <subfield code="4">0</subfield>
    <subfield code="7">0</subfield>
    <subfield code="a">30</subfield>
    <subfield code="b">30</subfield>
    <subfield code="d">2020-07-23</subfield>
    <subfield code="l">1</subfield>
    <subfield code="p">30-B-2549</subfield>
    <subfield code="r">2022-05-05</subfield>
    <subfield code="s">2022-04-19</subfield>
    <subfield code="w">2020-07-23</subfield>
    <subfield code="y">01</subfield>
  </datafield>
</record>
